Loading...
| Mythology | 0 | 4 | 0 | 0 | 40 | 70 | 85.00 | 0 | 1 | 9.51 | 18.53 |
| Fine Arts - Other | 0 | 4 | 0 | 1 | 40 | 55 | 83.25 | 0 | 2 | 10.02 | 19.44 |
| History - European | 0 | 3 | 0 | 2 | 30 | 25 | 50.00 | 2 | 2 | 14.47 | 18.18 |
| Literature - World | 0 | 3 | 0 | 0 | 30 | 63 | 89.67 | 0 | 0 | 6.52 | 10.06 |
| History - World | 0 | 3 | 0 | 0 | 30 | 46 | 51.33 | 0 | 2 | 14.42 | 18.69 |
| Fine Arts - Classical Music | 0 | 3 | 0 | 0 | 30 | 98 | 108.33 | 0 | 1 | 3.79 | 16.67 |
| Current Events | 0 | 2 | 0 | 1 | 20 | 63 | 80.00 | 0 | 2 | 10.95 | 34.67 |
| Fine Arts - Painting and Sculpture | 0 | 2 | 0 | 0 | 20 | 86 | 87.50 | 0 | 0 | 5.11 | 5.76 |
| History - Other | 0 | 3 | 2 | 0 | 20 | 31 | 70.00 | 0 | 0 | 10.03 | 15.66 |
| History - American | 0 | 2 | 1 | 1 | 15 | 83 | 95.50 | 0 | 0 | 2.06 | 3.79 |
| Social Science | 0 | 1 | 0 | 1 | 10 | 67 | 67.00 | 0 | 0 | 5.58 | 2.60 |
| Geography | 0 | 1 | 0 | 1 | 10 | 113 | 113.00 | 0 | 0 | 0.00 | 2.38 |
| Literature - American | 0 | 1 | 0 | 0 | 10 | 102 | 102.00 | 0 | 0 | 1.23 | 4.55 |
| Literature - European | 0 | 1 | 0 | 0 | 10 | 67 | 67.00 | 0 | 1 | 3.89 | 7.07 |
| Science - Biology | 0 | 1 | 0 | 0 | 10 | 57 | 57.00 | 1 | 1 | 4.38 | 9.09 |
| Literature - British | 0 | 1 | 1 | 0 | 5 | 84 | 84.00 | 0 | 0 | 2.21 | 3.31 |
| Science - Other | 0 | 1 | 1 | 0 | 5 | 111 | 111.00 | 0 | 0 | 0.00 | 0.76 |
| Religion | 0 | 1 | 1 | 0 | 5 | 60 | 60.00 | 0 | 0 | 4.26 | 6.06 |